Dau : Matemàtiques : [cicle inicial 1er EGB]
Gespeichert in:
| 1. Verfasser: | |
|---|---|
| Weitere Verfasser: | |
| Format: | Buch |
| Sprache: | Katalanisch |
| Erschienen: |
Barcelona :
Barcanova,
1981
|
| Katalog: | MANES: Suchergebnis im Bibliothekskatalog |
| Schulbuchspezifische Eigenschaften: |
|
| Tags: |
Tag hinzufügen
Keine Tags, Fügen Sie den ersten Tag hinzu!
|
| Hinzugefügt zu: | 27.06.2005 |
| Geändert in: | 07.05.2025 |
MARC
| LEADER | 00000nam a2200000 a 4500 | ||
|---|---|---|---|
| 001 | .b1676100 | ||
| 003 | ES-BaCBU | ||
| 005 | 20250507130142.0 | ||
| 008 | 050628s1981 spca || 001 ||cat|c | ||
| 020 | |a 8485923065 (Llibre de text) |a 8485923863 (Proposta didàctica) | ||
| 035 | |a 8485923065 |9 ES-BaUB001 |a 0885-15660 |9 ES-BaUB035 | ||
| 040 | |a ES-BaUB |b cat |c ES-BaUB | ||
| 100 | 1 | |a Barba, David, |d 1936- |9 33508 | |
| 245 | 1 | 0 | |a Dau : |b Matemàtiques : [cicle inicial 1er EGB] / |c David Barba, Montserrat Torra ; il.lustració: Picanyol |
| 260 | |a Barcelona : |b Barcanova, |c 1981 | ||
| 300 | |a 2 vol.: |b il. col.; |c 27 cm | ||
| 505 | 8 | |a Conté: llibre de text; guia didàctica | |
| 546 | |a España | ||
| 561 | |5 es-CRAI |3 p1 TX EGB 9/1 BAR |a España. Biblioteca Universitat de Barcelona |k MANES | ||
| 690 | 0 | |a MATE | |
| 691 | 0 | |a PRI | |
| 700 | 1 | |a Torra, Montserrat |q (Torra Bitlloch) |9 31802 |a Picanyol, |d 1948- |e il. |9 33509 | |
| 856 | |y Registro en Cercabib - CRAI | ||
| 942 | |2 ddc |c BK | ||
| 999 | |c 90039 |d 90039 | ||
| 999 | |c manes:90039 |d 90039 | ||